00337nam a2200121Ia 4500008004100000100005400041245005600095260001900151300000900170650001400179942000700193999001500200190216s9999||||xx |||||||||||||| ||und|| a"Jeffrey. Gh, Bassett J, Mendham J And Denney Rc" 0aVogel`S Text Book Of Quantitative Chemical Analysis bLongmansc1989 a877p aChemistry cBK c2801d2801